000 01235nam a2200241 i 4500
001 186832
003 ES-MaACL
005 20230906222743.0
007 t|
008 170221s1880 fr ||||1| fre d
111 2 _aCongrès International des Sociétés des Amis de la Paix (
_d1878.
_cParis)
_9161836
245 1 0 _aCongrès international des sociétés des amis de la paix tenu à Paris les 26, 27, 28 et 30 septembre et le 1er octobre 1878
_b: comptes rendus sténographiques publiés sous les auspices du Comité Central des Congrès et Confèrences et la direction de Ch. Thirion.
260 _aParis :
_bImprimeria Nationale,
_c1880.
300 _a158 p. ;
_c24 cm.
490 1 _aCongrès et conférences du Palais du Trocadéro ;
_v30
500 _aPrecede al tít.: Ministère de l'Agriculture et du Commerce, Exposition Universelle International de 1878, à Paris.
650 4 _aMediación internacional-
_vCongresos y asambleas.
_9161838
650 4 _aGuerra (Derecho internacional)-
_vCongresos y asambleas.
_9161839
711 2 _aExposition Universelle (
_d1878.
_cParis)
_9135143
830 0 _aCongrès et conférences du Palais du Trocadéro ;
_v30
_9192600
852 _aES-MaACL
_jG-1757(1)
999 _c186832
_d186832